Charts on the life, letters, and theology of Paul / (Record no. 4848)

MARC details
000 -LEADER
fixed length control field 01254cam a22003618i 4500
001 - CONTROL NUMBER
control field 228773
003 - CONTROL NUMBER IDENTIFIER
control field GBCCL
005 - DATE AND TIME OF LATEST TRANSACTION
control field 20241126110528.0
008 - FIXED-LENGTH DATA ELEMENTS--GENERAL INFORMATION
fixed length control field 121031s2012 miu b 000 0deng
010 ## -
-- 2012036694
020 ## - INTERNATIONAL STANDARD BOOK NUMBER
International Standard Book Number 9780825429361
020 ## - INTERNATIONAL STANDARD BOOK NUMBER
International Standard Book Number 0825429366
035 ## - SYSTEM CONTROL NUMBER
System control number (OCoLC)ocn776494773
035 ## - SYSTEM CONTROL NUMBER
System control number (OCoLC)776494773
040 ## - CATALOGING SOURCE
Original cataloging agency DLC
Language of cataloging eng
Description conventions rda
Transcribing agency DLC
Modifying agency BTCTA
-- BDX
-- OCLCO
-- YDXCP
-- CNTCS
-- LBB
042 ## -
-- pcc
049 ## -
-- LBBK
050 00 -
-- BS2506.3
-- .K54 2012
082 00 - DEWEY DECIMAL CLASSIFICATION NUMBER
Classification number 225.92
Edition information 23
Item number KIE
090 ## - LOCALLY ASSIGNED LC-TYPE CALL NUMBER (OCLC); LOCAL CALL NUMBER (RLIN)
Classification number (OCLC) (R) ; Classification number, CALL (RLIN) (NR) BS2506.3
Local cutter number (OCLC) ; Book number/undivided call number, CALL (RLIN) .K54 2012
100 1# - MAIN ENTRY--PERSONAL NAME
Personal name Kierspel, Lars,
Dates associated with a name 1972-
9 (RLIN) 8833
245 10 - TITLE STATEMENT
Title Charts on the life, letters, and theology of Paul /
Statement of responsibility, etc. Lars Kierspel.
264 #1 - PRODUCTION, PUBLICATION, DISTRIBUTION, MANUFACTURE, AND COPYRIGHT NOTICE
Place of production, publication, distribution, manufacture Grand Rapids, MI :
Name of producer, publisher, distributor, manufacturer Kregel Publications,
Date of production, publication, distribution, manufacture, or copyright notice 2012.
300 ## - PHYSICAL DESCRIPTION
Extent 284 pages :
Other physical details illustrations, charts ;
Dimensions 28 cm.
336 ## - CONTENT TYPE
Content type term text
Source rdacontent
337 ## - MEDIA TYPE
Media type term unmediated
Source rdamedia
338 ## - CARRIER TYPE
Carrier type term volume
Source rdacarrier
504 ## - BIBLIOGRAPHY, ETC. NOTE
Bibliography, etc. note Includes bibliographical references.
600 00 - SUBJECT ADDED ENTRY--PERSONAL NAME
Personal name Paul,
Titles and other words associated with a name the Apostle, Saint
Form subdivision Charts, diagrams, etc.
9 (RLIN) 8834
630 00 - SUBJECT ADDED ENTRY--UNIFORM TITLE
Uniform title Bible.
Name of part/section of a work N.T.
-- Epistles of Paul
General subdivision Criticism, interpretation, etc.
Form subdivision Charts, diagrams, etc.
9 (RLIN) 8835
630 00 - SUBJECT ADDED ENTRY--UNIFORM TITLE
Uniform title Bible.
Name of part/section of a work N.T.
-- Epistles of Paul
General subdivision Theology
Form subdivision Charts, diagrams, etc.
9 (RLIN) 8836
942 ## - ADDED ENTRY ELEMENTS (KOHA)
Source of classification or shelving scheme Dewey Decimal Classification
Koha item type Books
Koha issues (borrowed), all copies 15
Holdings
Withdrawn status Lost status Source of classification or shelving scheme Damaged status Not for loan Home library Current Library Shelving location Date acquired Total checkouts Full call number Barcode Date last seen Date last checked out Copy number Price effective from Koha item type
    Dewey Decimal Classification     GRACE BIBLE COLLEGE GRACE BIBLE COLLEGE Biblical Studies 2018-02-09 15 225.92 KIE 014627 2025-05-01 2022-09-13 c.1 2018-02-09 Books
© Grace Bible College Library 2025